00987nam a2200253 a 450000500170000000800410001704000120005804100080007004400070007809000160008510000420010124501350014326000540027830000100033270000400034270000400038270000420042270000440046470000430050894200150055194500150056699900150058195201370059620141201143750.0140123b2004 ck ||||| |||| 00| 0 spa d cCO-BoIH aspa ack aIAVHb00390 aRoldán Pérez, Albaro Javier94928 aEvaluación técnica de témino medio del proyecto conservación y uso sostenible de la biodiversidad de los Andes Colombianos aBogotábInstituto Alexander von Humboldtc2004? a83 p. aDuque Montoya, Alvaro Javier929430 aFranco Franco, Gloria Sofía94930 aMacías Gómez, Luis Fernando94931 aArango Jaramillo, María Cecilia94932 aÁlvarez Aranfo, Luisa Fernanda94933 cINFORME2z d2005-07-19 c4683d4683 00102z40708HUMBOLDTIINV2017aBogotabBogotad2005-07-19l0oIAVH-00390p019441r2024-08-09 00:00:00tEj. 1w2012-12-04yINFORME